000
00316nam a2200109Ia 4500
008
171211s9999 xx 000 0 und d
245
_a
Zahnarztlügen: Wie Sie Ihr Zahnarzt krank behandelt
245
_c
Dorothea Brandt
260
_c
2010
650
_x
FITNESS
856
_u
http://down.ebook777.com/064/3839156483.pdf
999
_c
349019
_d
349019